Statistics for Soccer General Knowledge

Click here to take the quiz!

General Stats

  • This quiz has been taken 187 times
  • The average score is 3 of 19

Answer Stats

HintAnswer% Correct
Which football club won its first FA Cup in 2013?Wigan
83%
Which club signed Nolberto Solano in 1998?Newcastle United
45%
Who does Tim Lovejoy support?Chelsea
30%
Against which club was this goal scored?Manchester United
26%
Which club did Jermaine Defoe start his career at?Charlton Athletic
25%
What country was Faustino Asprilla from?Colombia
25%
Who scored the first ever English Premier League goal?Brian Deane
16%
Which former Celtic player has scored more goals against Celtic at Celtic Park than Kris Boyd?Henrik Larsson
8%
Which player is nicknamed the Derry Pele?Paddy McCourt
8%
who scored the fastest goal in Champions League historyRoy Makaay
7%
Which goalkeeper has scored 3 goals in the Champions League?Hans Jorg Butt
6%
Which player has won the most amount of international caps in world football?Ahmed Hassan
5%
They were all scored against the same club, which club?Juventus
5%
When Blackburn Rovers signed Alan Shearer, which striker was used as a part exchange?James Beattie
3%
What was his name?Claude Anelka
2%
Which famous footballer's brother was owner/manager at Scottish club Raith Rovers?Nicholas Anelka
2%
Who is the only footballer to be replaced by his own brother (as a substitute) in a Wembley international.David O'Leary
1%
In which country do they contest this trophy?India
1%
What is the third oldest football tournament in the world?The Durand Cup
1%

Score Distribution

Percentile by Number Answered

Percent of People with Each Score

Your Score History

You have not taken this quiz